|
|
|
|
| LEADER |
00000nam a22000005a 4500 |
| 001 |
13093 |
| 003 |
CL-ChBUA |
| 005 |
20120815103447.0 |
| 008 |
070301s2001 ||| 000 0 spa |
| 020 |
|
|
|a 8436815483
|
| 040 |
|
|
|a CL-ChBUA
|c CL-ChBUA
|
| 082 |
0 |
0 |
|a 658.151
|
| 090 |
|
|
|c 13093
|d 13093
|
| 100 |
1 |
|
|a Pisón Fernández, Irene.
|
| 245 |
1 |
0 |
|a Dirección y gestión financiera de la empresa
|
| 260 |
|
|
|b Pirámide.
|a Madrid.
|c 2001.
|
| 300 |
|
|
|a 716 p.
|c 23 cm.
|
| 504 |
|
|
|a Indice.
|
| 650 |
|
4 |
|a EMPRESA GESTION FINANCIERA.
|
| 942 |
|
|
|c LIB
|
| 952 |
|
|
|0 0
|1 0
|4 0
|7 0
|9 18543
|a UNACH
|b UNACH
|c 600
|d 2007-03-05
|i 33.423.
|l 0
|o 658.151 / P 678.
|p 19542
|r 2014-11-27 00:00:00
|u 18543
|w 2012-08-08
|y LIB
|k 658.151 / P 678.
|
| 999 |
|
|
|c 13093
|d 13093
|